000 00351 a2200133 4500
000 nam a22 7a 4500
100 _aSingh, Radhyeshyam
110 _aSingh, Radhyeshyam
245 _aPrachin Bharat Me Rajya Ki Avdharna
250 _aLatest edition
260 _bVishav bharti publication
264 _bVishav bharti publication
942 _cBK
999 _c395018
_d395018